01000nas a2200241Ia 4500001001100000003000900011008004100020040001300061040001300074041001300087100003800100210001600138222001600154245009700170250001100267260003900278501008600317300001000403310001600413362003300429500026000462650003600722R017/H5499IT-RoPAU151124c99999999xx |||||||||||| ||und|| aIT-RoPAU cIT-RoPAU aITALIANO aAA.VV. gCodice Aut. SPICS: 12000 aFILMCRITICA aFilmcritica aFILMCRITICA SCUOLA, ANNO 8-N.30 (MAGGIO 2005)bFilmcritica Scuola, Anno 8-N.30 (Maggio 2005) a1a ed. aMONTEPULCIANO (SI)bLE BALZEc2005 bPaulus - SPICS - Società San Paolo EM (non-commercial uses only)cCopyright2015 a16 p. aTRIMESTRALE aANNO 008, N.30 (MAGGIO 2005) aSupplemento Rivista Filmcritica N. 555. Leggere Cinema: Explaned Cinema Digene Youngblood a Cura di L. Esposito. Sugli Schermi: Crepuscolo Eroi, Esempi di Animazione (Robots, gli Incredibili, Era Glaciale) di D. Dottorini. Cinema e Storia: in My Country,  aCINEMAvPUBBLICAZIONE PERIODICA